Т. 60, вып. 4; Физика твердого тела

Detaylı Bibliyografya
Parent link:Физика твердого тела/ Российская академия наук ; Физико-технический институт им. А. Ф. Иоффе. Т. 60, вып. 4.— , 1959-
Özet:Электронная версия печатной публикации
Dil:Rusça
Baskı/Yayın Bilgisi: 2018
Konular:
Online Erişim:http://journals.ioffe.ru/issues/1822
Materyal Türü: MixedMaterials Elektronik Kitap
KOHA link:https://koha.lib.tpu.ru/cgi-bin/koha/opac-detail.pl?biblionumber=577051

MARC

LEADER 00000nam2a2200000 4500
001 577051
005 20231101130400.0
035 |a (RuTPU)RU\TPU\prd\276249 
035 |a RU\TPU\prd\275440 
090 |a 577051 
100 |a 20180320a19599999k y0rusy50 ca 
101 0 |a rus 
102 |a RU 
181 0 |a i  
182 0 |a b 
200 0 |a Т. 60, вып. 4  |b Электронный ресурс 
203 |a Текст  |c электронный 
210 |d 2018 
300 |a Электронная версия печатной публикации 
461 1 |0 (RuTPU)RU\TPU\prd\409  |t Физика твердого тела  |f Российская академия наук ; Физико-технический институт им. А. Ф. Иоффе  |v Т. 60, вып. 4  |d 1959- 
610 1 |a электронный ресурс 
801 0 |a RU  |b 63413507  |c 20010227  |g PSBO 
801 1 |a RU  |b 63413507  |c 20160331 
801 2 |a RU  |b 63413507  |c 20180320  |g RCR 
856 4 0 |u http://journals.ioffe.ru/issues/1822 
942 |c BK